Quick Pick: '80s Question Songs Quiz Stats

 Plays Quiz Updated Jun 3, 2018

Challenge
Share
Tweet
Embed
Score 0/10 Timer 01:00
2 Plays Today
% Correct
Tina Turner
89.3%
Culture Club
84.6%
The Clash
83.7%
Whitney Houston
77.6%
The Human League
74%
Men at Work
67.3%
Heart
60.6%
Pixies
54.7%
Van Halen
53.9%
Phil Collins
50.5%

Today's Daily Dose

You're not logged in!

Compare scores with friends on all Sporcle quizzes.
Join for Free
OR
Log In

You Might Also Like...

Show Comments

Extras

Top Quizzes Today


Score Distribution

Your Account Isn't Verified!

In order to create a playlist on Sporcle, you need to verify the email address you used during registration. Go to your Sporcle Settings to finish the process.

Report this User

Report this user for behavior that violates our Community Guidelines.

Details: